Využitie drevnej biomasy v kozmetickom priemysle
Gespeichert in:
| 1. Verfasser: | |
|---|---|
| Format: | Buch |
| Sprache: | Slowakisch |
| Veröffentlicht: |
Bratislava
STU FCHPT
2008
|
| Online-Zugang: | Im OPAC anzeigen |
| Tags: |
Keine Tags, Fügen Sie das erste Tag hinzu!
|
MARC
| LEADER | 00000nam a2200000 a 4500 | ||
|---|---|---|---|
| 005 | 20260127134102.0 | ||
| 008 | 080819 2008 xo 000 0 slo d | ||
| 035 | |a vtls009323323 | ||
| 039 | 9 | |y 200808190909 |z mschk03 | |
| 040 | |a STUSCHK1 |b slo |c STUSCHK1 |e AACR2 | ||
| 100 | 1 | |a Kosinková, Jana | |
| 245 | 1 | |a Využitie drevnej biomasy v kozmetickom priemysle | |
| 260 | |a Bratislava |b STU FCHPT |c 2008 | ||
| 300 | |a 52 s. |b il. |c 30 cm | ||
| 500 | |a Zameranie: chemická technológia dreva, celulózy a papiera | ||
| 500 | |a Študijný program: 5.2.18 chemické technológie | ||
| 910 | |a SCHK95 | ||
| 999 | |c 3733 |d 3733 | ||